LEADER 01357nam0 22003493i 450 001 PUV0231651 005 20231121125611.0 010 $a0471584673 010 $a9780471584674 100 $a20141021d1996 ||||0itac50 ba 101 | $aeng 102 $aus 181 1$6z01$ai $bxxxe 182 1$6z01$an 200 1 $aThermal design and optimization$fAdrian Bejan, George Tsatsaronis, Michael Moran 210 $aNew York $cJohn Wiley & Sons$dc1996 215 $aXV, 542 p.$d24 cm. 312 $aTitolo della copertina e del dorso: Thermal design & optimization$9MIL0624052 517 1 $aThermal design & optimization$9MIL0624052 606 $aIngegneria termica$2FIR$3RMLC400879$9I 676 $a621.402$9$v21 700 1$aBejan$b, Adrian$f <1948- >$3MILV020899$4070$09001 701 1$aMoran$b, Michael$3MILV019065$4070$0231633 701 1$aTsatsaronis$b, George$3UANV000736$4070$0283714 801 3$aIT$bIT-01$c20141021 850 $aIT-FR0099 899 $aBiblioteca Area Ingegneristica$bFR0099 912 $aPUV0231651 950 0$aBiblioteca Area Ingegneristica$d 54DMS 621.402 BEJ/2$e 54VM 0000118435 VM barcode:ING490M. - Inventario:490m. - Fondo:CONVM$fA $h20020430$i20121204 977 $a 54 996 $aThermal design and optimization$91574132 997 $aUNICAS LEADER 01343oam 2200313z- 450 001 9910157792203321 005 20230906203136.0 010 $a1-62517-841-7 035 $a(CKB)3710000001009600 035 $a(BIP)055478399 035 $a(VLeBooks)9781625178411 035 $a(Exl-AI)993710000001009600 035 $a(EXLCZ)993710000001009600 100 $a20210505c2015uuuu -u- - 101 0 $aeng 200 $aLeadership & The Road to High Performance 210 $cPeter Hughes 215 $a1 online resource (166 p.) $cill 311 08$a1-312-46563-8 330 8 $aLeadership exercising transformational leadership, developing high performing teams, creating operational excellence, implementing organizational change, and shaping the ideal organizational culture. This book will challenge managers to become transformational leaders by creating and implementing organizational changes and demonstrating new leadership behaviors that will create a new dimension of organizational success. 606 $aTransformational leadership$7Generated by AI 606 $aLeadership$7Generated by AI 615 0$aTransformational leadership 615 0$aLeadership 700 $aHughes$b Peter$0169104 906 $aBOOK 912 $a9910157792203321 996 $aLeadership & The Road to High Performance$93577356 997 $aUNINA